Advanced calculus of several variables

Αποθηκεύτηκε σε:
Λεπτομέρειες βιβλιογραφικής εγγραφής
Κύριος συγγραφέας: Edwards, C. H. (Charles Henry) 1937-
Μορφή: Βιβλίο
Γλώσσα:English
Δημοσίευση: New York : Dover publications, 1994
Σειρά:Dover books on advanced mathematics
Θέματα:
Ετικέτες: Προσθήκη ετικέτας
Δεν υπάρχουν, Καταχωρήστε ετικέτα πρώτοι!

MARC

LEADER 00000nam a2200000 i 4500
001 1/47545
008 980630s1994 eng d
020 |a 0-486-68336-2 
035 |l 10043092 
040 |a GR-MY-UA  |b gre  |e aacr 
041 0 |a eng 
082 0 |a 515.84 
100 1 |a Edwards, C. H.  |q (Charles Henry)  |d 1937- 
245 1 0 |a Advanced calculus of several variables /  |c C. H. Edwards, Jr. 
260 |a New York :   |b Dover publications,   |c 1994 
300 |a x, 457 p.;  |b ill.;  |c 24 cm. 
490 1 |a Dover books on advanced mathematics 
500 |a Includes bibliography and index 
650 0 0 |a Calculus. 
830 0 |a Dover books on advanced mathematics 
852 |a INST  |b CHIOS  |e 20070830  |h 515.84 EDW  |p 005200025570  |q 005200025570  |t BK  |y 0 
852 |a INST  |b SAMOS  |e 19980630  |h 515.84 EDW  |p 005300011158  |q 005300011158  |t BK  |y 0 
852 |a INST  |b SAMOS  |e 19980630  |h 515.84 EDW  |p 005300011343  |q 005300011343  |t BK  |y 0 
901 |a BIBL-1998-2 
901 |a BIBL2-2007-2 
909 |a Σ  |b 056943 
909 |a Σ  |b 056944 
909 |a Χ  |b 138892 
922 |a 3ΕΛΗ  |b 199805  |c ΚΠΣ  |d ΠΑΠΑΣΩΤΗΡΙΟΥ 
922 |a 2ΕΛΗ  |b 200708  |c ΕΠΕΑΕΚ2/ΤΜΟΔ  |d ΕΛΕΥΘΕΡΟΥΔΑΚΗΣ